Catálogo

Odontología operatoria avanzada : (Registro nro. 62408)

Detalles MARC
000 -LEADER
fixed length control field 00708nam a2200241 a 4500
001 - CONTROL NUMBER
control field 62408
003 - CONTROL NUMBER IDENTIFIER
control field Mx-PuUPA
005 - DATE AND TIME OF LATEST TRANSACTION
control field 20190703103356.0
008 - FIXED-LENGTH DATA ELEMENTS--GENERAL INFORMATION
fixed length control field 150415s2013 ve a r 000 0 spa d
020 ## - INTERNATIONAL STANDARD BOOK NUMBER
International Standard Book Number 978-0-7020-31267
040 ## - CATALOGING SOURCE
Transcribing agency Mx-PuUPA
082 0# - DEWEY DECIMAL CLASSIFICATION NUMBER
Classification number 617.605
Item number RIC
100 1# - MAIN ENTRY--PERSONAL NAME
Personal name Ricketts, David
Relator term autor
9 (RLIN) 316
245 10 - TITLE STATEMENT
Title Odontología operatoria avanzada :
Remainder of title un abordaje clínico /
Statement of responsibility, etc. David Ricketts.
264 #1 - PRODUCTION, PUBLICATION, DISTRIBUTION, MANUFACTURE, AND COPYRIGHT NOTICE
Place of production, publication, distribution, manufacture Venezuela :
Name of producer, publisher, distributor, manufacturer Amolca ;
Date of production, publication, distribution, manufacture, or copyright notice 2013
300 ## - PHYSICAL DESCRIPTION
Extent xi, 264 páginas :
Other physical details ilustraciones ;
Dimensions 25 cm.
336 ## - CONTENT TYPE
Content type term texto
Source rdacontent
337 ## - MEDIA TYPE
Media type term sin mediación
Source rdamedia
338 ## - CARRIER TYPE
Carrier type term volumen
Source rdacarrier
650 #0 - SUBJECT ADDED ENTRY--TOPICAL TERM
Topical term or geographic name entry element Cirugía dental
700 1# - ADDED ENTRY--PERSONAL NAME
Personal name Bartlett, David.
9 (RLIN) 317
942 ## - ADDED ENTRY ELEMENTS (KOHA)
Source of classification or shelving scheme Dewey Decimal Classification
Koha item type Libro
Existencias
Withdrawn status Lost status Source of classification or shelving scheme Damaged status Not for loan Collection code Home library Current library Shelving location Date acquired Source of acquisition Inventory number Total Checkouts Full call number Barcode Date last seen Price effective from Koha item type
    Dewey Decimal Classification     General Biblioteca Karol Wojtyla Biblioteca Karol Wojtyla Sala general 15/04/2015 Compra 151000000000000000007223   617.605 RIC 2013 93641 19/01/2026 20/04/2015 Reserva permanente